Normal view
MARC view
- Cox, Gena
Entry Personal Name
001 - CONTROL NUMBER
- control field: 130915
003 - CONTROL NUMBER IDENTIFIER
- control field: NUST
005 - DATE AND TIME OF LATEST TRANSACTION
- control field: 20251006134102.0
008 - FIXED-LENGTH DATA ELEMENTS
- fixed length control field: 251006|| aca||aabn | a|a d
040 ## - CATALOGING SOURCE
- Original cataloging agency: NUST
- Transcribing agency: NUST
100 ## - HEADING--PERSONAL NAME
- Personal name: Cox, Gena
670 ## - SOURCE DATA FOUND
- Source citation: Work cat.: (NUST)0: Cox, Gena, author., Leading inclusion :
